Vivir la tercera edad en la alegría del espíritu

Saved in:
Bibliografiske detaljer
Main Authors: Rahm, Haroldo J (Author), Lamego, María J. R (Author)
Format: Bog
Sprog:spansk
Udgivet: Santander Sal Terrae 1983
Serier:Colección el pozo de Siquem
Fag:
Tags: Tilføj Tag
Ingen Tags, Vær først til at tagge denne postø!

MARC

LEADER 00000nam a2200000 a 4500
001 UCY5687
003 CL-VaPUC
008 950512e19830000SP |||||||||||||||||spa|d
082 0 4 |a 248.85  |b RAH  |2 21 
100 0 |a Rahm, Haroldo J  |e author  |9 334776 
700 0 |a Lamego, María J. R  |e author  |9 334777 
245 1 0 |a Vivir la tercera edad en la alegría del espíritu 
300 |a 107 p 
942 |c BK 
945 |d 19950512 00:00:00  |a mfernand 
260 |a Santander  |b Sal Terrae  |c 1983 
600 0 |a Dios  |9 314467 
600 0 |a Jesús  |9 313614 
600 0 7 |a ESPIRITU SANTO  |2 CL-VaPUC  |9 334587 
650 0 |a Ancianos   |9 307293 
650 0 |a Vejez   |9 307287 
650 7 |a ENVEJECIMIENTO  |2 CL-VaPUC  |9 334779 
650 0 |a Vida espiritual  |9 307811 
650 7 |a SABIDURIA  |2 CL-VaPUC  |9 333169 
583 |a last modification  |c 19950512 00:00:00  |k Rodrigo Vera 
490 0 |a Colección el pozo de Siquem 
999 |c 233315  |d 233313